[Event "ICS Rated standard match"]
[Site "204.178.125.65"]
[Date "2000.06.19"]
[Round "?"]
[White "Hossa"]
[Black "MM3Quick"]
[Result "1-0"]
[WhiteElo "2263"]
[BlackElo "2259"]
[PlyCount "49"]
[EventDate "2000.??.??"]

1. d4 c6 2. e4 Qc7 3. Nf3 d6 4. Bd3 e5 5. dxe5 dxe5 6. Nc3 Bg4 7. h3 Bh5 8. g4
Bg6 9. Nh4 Nd7 10. Qe2 Ngf6 11. Bd2 Bc5 12. Nxg6 hxg6 13. O-O-O O-O-O 14. Qf3
Nb6 15. Kb1 Kb8 16. Bg5 Bb4 17. Ne2 Be7 18. h4 Rd7 19. Be3 Rhd8 20. g5 Nh5 21.
Qxf7 Bxg5 22. Bxb6 Qxb6 23. Qxg6 Be7 24. Qxh5 Ba3 25. Qxe5+ 1-0

[Event "ICS rated standard match"]
[Site "204.178.125.65"]
[Date "2000.06.19"]
[Round "?"]
[White "Hossa"]
[Black "PostModernist"]
[Result "1/2-1/2"]
[WhiteElo "2279"]
[BlackElo "2409"]
[PlyCount "86"]
[EventDate "2000.??.??"]

1. d4 Nf6 2. c4 e6 3. Nf3 d5 4. Bg5 Be7 5. e3 Nbd7 6. Nc3 O-O 7. Bd3 c6 8. O-O
dxc4 9. Bxc4 Nd5 10. Bxe7 Qxe7 11. e4 Nxc3 12. bxc3 e5 13. Qc2 b5 14. Bd3 Bb7
15. a4 a6 16. Rfb1 Rfe8 17. Rc1 Qd6 18. Rd1 exd4 19. cxd4 b4 20. e5 Qh6 21. Nd2
Nb6 22. Ne4 Reb8 23. Nd6 Nd5 24. Nxb7 Rxb7 25. Bxh7+ Kh8 26. Bf5 b3 27. Qc5 b2
28. Rab1 Rab8 29. Bd3 Rb3 30. Bc4 R3b4 31. Bxd5 cxd5 32. Qxd5 Qe6 33. Qc5 Qb3
34. h3 Rxa4 35. Qd6 Rc8 36. Qd7 Rac4 37. Kh2 Rc1 38. Rd2 R8c2 39. Qd8+ Kh7 40.
Qh4+ Kg8 41. Qd8+ Kh7 42. Qh4+ Kg8 43. Qd8+ Kh7 1/2-1/2

[Event "ICS Rated standard match"]
[Site "204.178.125.65"]
[Date "2000.06.19"]
[Round "?"]
[White "PostModernist"]
[Black "Hossa"]
[Result "1-0"]
[WhiteElo "2403"]
[BlackElo "2285"]
[PlyCount "115"]
[EventDate "2000.??.??"]

1. d4 Nf6 2. c4 g6 3. Nf3 Bg7 4. g3 O-O 5. Bg2 c6 6. Nc3 d5 7. Qb3 dxc4 8. Qxc4
b5 9. Qb3 Be6 10. Qd1 b4 11. Na4 Ne4 12. O-O Bd5 13. Ne5 Nd6 14. Bxd5 cxd5 15.
Qb3 Bxe5 16. dxe5 Nc4 17. Bh6 Re8 18. e6 fxe6 19. Qxb4 Nc6 20. Qc3 e5 21. b3
Nd4 22. Qd3 Nd6 23. Be3 N6f5 24. Bxd4 exd4 25. g4 Nh6 26. Qh3 Nf7 27. f4 e6 28.
Rad1 Rc8 29. Rxd4 Rc2 30. Qf3 Rxa2 31. Rdd1 Qe7 32. Rc1 Nd6 33. Nc5 Nc4 34. Qf2
Rc8 35. Nd3 Nd6 36. Rxc8+ Nxc8 37. Rc1 Nd6 38. Qe3 Qf6 39. Nc5 d4 40. Qf3 Nf7
41. b4 Nd8 42. g5 Qe7 43. Qa8 Kf7 44. Qe4 Rd2 45. Nd3 Qd6 46. Ra1 Kg8 47. Rxa7
Rd1+ 48. Kf2 Rxd3 49. exd3 Nf7 50. Ra8+ Kg7 51. b5 Qc5 52. Qxe6 Qc2+ 53. Kg3
Qxd3+ 54. Kh4 Qf5 55. Qxf5 gxf5 56. b6 d3 57. b7 h6 58. b8=Q 1-0

[Event "ICS rated standard match"]
[Site "204.178.125.65"]
[Date "2000.06.20"]
[Round "?"]
[White "JudgeTurpin"]
[Black "Hossa"]
[Result "1-0"]
[WhiteElo "2397"]
[BlackElo "2274"]
[PlyCount "97"]
[EventDate "2000.??.??"]

1. d4 Nf6 2. c4 g6 3. Nc3 Bg7 4. e4 d6 5. Be2 O-O 6. Bg5 Nbd7 7. Qd2 e5 8. d5
Nc5 9. f3 a5 10. g4 a4 11. h4 Bd7 12. h5 a3 13. b4 Na4 14. hxg6 fxg6 15. Nb5
Bxb5 16. cxb5 Nb6 17. Nh3 Qe7 18. Rc1 Na4 19. Be3 Bh8 20. Rc2 Qd7 21. Qc1 Rfc8
22. Qxa3 Re8 23. Ng5 Nb6 24. Qd3 Rec8 25. Ne6 Na4 26. O-O Ne8 27. Rfc1 Bg7 28.
Kg2 h5 29. gxh5 gxh5 30. Kf2 Bf6 31. Rh1 Ng7 32. Bf1 Nxe6 33. Bh3 Nf4 34. Bxf4
Qe8 35. Be3 Rcb8 36. Be6+ Kh8 37. Rxc7 Be7 38. Qd2 Bd8 39. Rf7 Qxf7 40. Bxf7
Kg7 41. Bxh5 Kg8 42. Bd4 Nc5 43. Qh6 Nxe4+ 44. fxe4 Bh4+ 45. Kg1 Rf8 46. Qg6+
Kh8 47. Rxh4 Rf1+ 48. Kxf1 exd4 49. Bf3# 1-0

[Event "ICS rated standard match"]
[Site "204.178.125.65"]
[Date "2000.06.20"]
[Round "?"]
[White "Hossa"]
[Black "JudgeTurpin"]
[Result "1-0"]
[WhiteElo "2263"]
[BlackElo "2408"]
[PlyCount "185"]
[EventDate "2000.??.??"]

1. e4 c5 2. Nf3 e6 3. d4 cxd4 4. Nxd4 Nc6 5. Nb5 d6 6. Bf4 e5 7. Be3 Nf6 8. Bg5
Be6 9. N1c3 a6 10. Na3 Be7 11. Bxf6 Bxf6 12. Bc4 O-O 13. Nd5 Bg5 14. O-O Kh8
15. Nb1 b5 16. Bb3 f5 17. Nbc3 Nd4 18. Nb4 Nxb3 19. axb3 a5 20. Nbd5 b4 21.
exf5 Bxf5 22. Ne2 Qc8 23. c4 bxc3 24. bxc3 Qc5 25. c4 Bg4 26. Qd3 Bxe2 27. Qxe2
Qd4 28. Rfd1 Qa7 29. Rd3 Bh4 30. Rf1 a4 31. bxa4 Qxa4 32. Nb6 Qc6 33. Nxa8 Rxa8
34. Qh5 Be7 35. Rh3 h6 36. Qf7 Bg5 37. Rd1 Qb6 38. Rhd3 e4 39. Rc3 Qb2 40. Rg3
Qc2 41. Rf1 Rc8 42. Qe6 Qxc4 43. Qxd6 Qf7 44. Qd4 Rc4 45. Qb2 Rc8 46. Rb3 Bf6
47. Rb7 Qh5 48. Qb3 Rd8 49. Rb8 Qe8 50. Rxd8 Bxd8 51. Rd1 Bg5 52. Re1 Qe5 53.
g3 Bd2 54. Re2 e3 55. fxe3 Bc1 56. e4 Bg5 57. Kg2 Kh7 58. Qf7 Bf6 59. Qb7 Qh5
60. Ra2 Kg6 61. Qd7 Qc5 62. Re2 h5 63. h3 Qc4 64. Qe8+ Kh6 65. Rd2 Qb4 66. Rf2
Qe1 67. g4 hxg4 68. hxg4 Qa5 69. Qd7 Qg5 70. Kf3 Be5 71. Qf5 g6 72. Qf8+ Kh7
73. Ra2 Qh6 74. Ra7+ Bg7 75. Rxg7+ Qxg7 76. Qxg7+ Kxg7 77. e5 Kf7 78. Kf4 Ke6
79. Kg5 Kxe5 80. Kxg6 Kd6 81. Kf7 Ke5 82. g5 Kd6 83. g6 Kd5 84. g7 Ke4 85. Ke6
Kd4 86. g8=Q Kc4 87. Qg5 Kd3 88. Kd5 Ke2 89. Ke4 Kf2 90. Qg4 Ke1 91. Qg2 Kd1
92. Kd3 Ke1 93. Qg1# 1-0

[Event "ICS Rated blitz match"]
[Site "204.178.125.65"]
[Date "2000.06.20"]
[Round "?"]
[White "Hossa"]
[Black "QueenMaxima"]
[Result "1/2-1/2"]
[WhiteElo "2374"]
[BlackElo "2546"]
[PlyCount "252"]
[EventDate "2000.??.??"]

1. e4 e5 2. Nf3 Nc6 3. Bc4 Nf6 4. d3 Bc5 5. O-O d6 6. Bg5 h6 7. Be3 O-O 8. Bxc5
dxc5 9. Nbd2 Bg4 10. Bb3 Qd7 11. Ba4 Rfe8 12. Nb3 Qd6 13. Bb5 a6 14. Bxc6 Qxc6
15. Rb1 Rad8 16. Re1 Qb5 17. Nbd2 Bxf3 18. Qxf3 Qa4 19. Rbc1 Qxa2 20. Nc4 Qa4
21. Qf5 Qb4 22. Re2 Nd7 23. Ra1 Re6 24. c3 Qb5 25. Ra5 Qb3 26. Rd2 Rf6 27. Qh5
Re8 28. Qe2 Rg6 29. Rd1 Rd8 30. Rda1 b5 31. R5a3 bxc4 32. Rxb3 cxb3 33. Qd1 Rd6
34. Qxb3 Rxd3 35. Qb7 Rd2 36. Qxc7 Rb8 37. g3 Rbxb2 38. Rxa6 Rd1+ 39. Kg2 Rbd2
40. Qc8+ Kh7 41. Qe8 f6 42. Ra8 Nb6 43. Rb8 Rc1 44. Qg8+ Kg6 45. Rb7 Nd7 46.
Qe8+ Kh7 47. Rxd7 Rxd7 48. Qxd7 Rxc3 49. Qf5+ Kg8 50. h3 Rc2 51. Qe6+ Kh7 52.
Qb3 Rc1 53. Qb2 Rc4 54. Qb5 Rc3 55. Qe8 c4 56. Qh5 Rc2 57. Qf5+ Kh8 58. h4 c3
59. Kf3 Kg8 60. h5 Rc1 61. Qd7 Kh7 62. Qd3 Kg8 63. Qd6 Kh7 64. Qe6 Rc2 65. Qf5+
Kh8 66. Qc8+ Kh7 67. Qc5 Rc1 68. Qa3 Rc2 69. g4 Kh8 70. Qb3 Rc1 71. Qa2 Kh7 72.
Qa3 Rc2 73. Qa6 Rb2 74. Ke3 c2 75. Kd2 c1=Q+ 76. Kxc1 Rxf2 77. Qe6 Re2 78. Qf5+
Kh8 79. Qc8+ Kh7 80. Kd1 Ra2 81. Ke1 Rb2 82. Kf1 Rd2 83. Kg1 Rb2 84. Qf5+ Kg8
85. Qe6+ Kh7 86. Qc8 Ra2 87. Qf5+ Kh8 88. Qd7 Kh7 89. Kh1 Rc2 90. Qe8 Rd2 91.
Qc8 Re2 92. Qf5+ Kh8 93. Qf3 Rd2 94. Qc3 Re2 95. Qd3 Rb2 96. Qd5 Re2 97. Qa8+
Kh7 98. Kg1 Rd2 99. Kf1 Rc2 100. Qb8 Rd2 101. Qf8 Rc2 102. Qe8 Rb2 103. Ke1 Rh2
104. Qf7 Rg2 105. Qd7 Rc2 106. Qf5+ Kg8 107. Qe6+ Kh7 108. Qf7 Rg2 109. Qd7 Rc2
110. Qd8 Rb2 111. Kf1 Rc2 112. Qd7 Rb2 113. Qf7 Rh2 114. Qd5 Rc2 115. Kg1 Re2
116. Qb7 Rd2 117. Qb8 Ra2 118. Qd8 Rb2 119. Qf8 Rd2 120. Kh1 Re2 121. Qf7 Rf2
122. Qg6+ Kh8 123. Qe8+ Kh7 124. Kg1 Rf3 125. Kg2 Rf4 126. Qc8 Rf5 1/2-1/2

[Event "ICS rated blitz match"]
[Site "204.178.125.65"]
[Date "2000.06.20"]
[Round "?"]
[White "MissSilicon"]
[Black "Hossa"]
[Result "1-0"]
[WhiteElo "2724"]
[BlackElo "2381"]
[PlyCount "147"]
[EventDate "2000.??.??"]

1. d4 Nf6 2. c4 e6 3. Nc3 d5 4. e3 Be7 5. Nf3 O-O 6. Be2 dxc4 7. Bxc4 c5 8. O-O
cxd4 9. exd4 Qc7 10. Bd3 Nc6 11. Be3 Nb4 12. Rc1 Qb8 13. Bb1 b6 14. a3 Nc6 15.
Ne4 Bb7 16. Nfg5 Nxe4 17. Bxe4 Bxg5 18. Bxg5 Nd8 19. f3 f5 20. Bxb7 Qxb7 21.
Qb3 Qd7 22. Be3 Nf7 23. Rc2 Rac8 24. Rfc1 Rxc2 25. Qxc2 Rd8 26. Qc6 Qxc6 27.
Rxc6 e5 28. dxe5 Nxe5 29. Rc7 Ra8 30. b4 Nf7 31. Kf2 Ne5 32. Kg3 Nf7 33. Kf4 g6
34. Bd4 h6 35. Rc6 Kh7 36. h4 h5 37. Bf6 Kg8 38. Bc3 Kh7 39. b5 Rd8 40. Rc7 Kg8
41. Rxa7 Rd3 42. Ra8+ Kh7 43. Rc8 Nd8 44. Bf6 Nf7 45. Rc7 Kg8 46. a4 Rd6 47.
Rc6 Kh7 48. Ke3 Kg8 49. Bd4 Rxc6 50. bxc6 Nd6 51. Kd3 Kf7 52. Bxb6 Nc8 53. a5
Ke6 54. Kd4 Kd6 55. c7 Kc6 56. Ke5 Kd7 57. Kf6 Ne7 58. c8=Q+ Nxc8 59. Bd4 Kc6
60. a6 Nd6 61. Kxg6 Nb5 62. Bf2 Nc7 63. Kxh5 Nxa6 64. Kg6 Kd5 65. h5 Nc7 66. h6
Ke6 67. h7 Ne8 68. h8=Q Nc7 69. Qc8+ Kd5 70. Qxc7 f4 71. Qc5+ Ke6 72. Qc6+ Ke5
73. Kf7 Kf5 74. Qd5# {Hossa checkmated} 1-0

[Event "ICS rated standard match"]
[Site "204.178.125.65"]
[Date "2000.06.20"]
[Round "?"]
[White "TerraPi"]
[Black "Hossa"]
[Result "0-1"]
[WhiteElo "2314"]
[BlackElo "2285"]
[PlyCount "65"]
[EventDate "2000.??.??"]

1. c3 c5 2. e4 d5 3. d4 dxe4 4. b4 cxb4 5. cxb4 e6 6. a3 Be7 7. Nc3 Nf6 8. Bc4
Qc7 9. Qb3 a6 10. f3 Nc6 11. Be3 b5 12. Be2 exf3 13. Nxf3 O-O 14. Rd1 Ng4 15.
Bc1 Rd8 16. d5 Nce5 17. Ng5 Bb7 18. Bf4 Nd3+ 19. Rxd3 Qxf4 20. Nf3 exd5 21. O-O
d4 22. g3 Qh6 23. Nh4 Bf6 24. Nxb5 Ne5 25. Rxd4 Bxh4 26. gxh4 axb5 27. Rxd8+
Rxd8 28. Qg3 Qb6+ 29. Rf2 Qd4 30. h3 Qe4 31. Rg2 Qxg2+ 32. Qxg2 Bxg2 33. Kxg2 {
TerraPi resigns} 0-1

[Event "ICS Rated standard match"]
[Site "204.178.125.65"]
[Date "2000.06.20"]
[Round "?"]
[White "Hossa"]
[Black "QueenMaxima"]
[Result "1/2-1/2"]
[WhiteElo "2302"]
[BlackElo "2346"]
[PlyCount "201"]
[EventDate "2000.??.??"]

1. d4 Nf6 2. c4 e6 3. Nc3 Bb4 4. e3 O-O 5. Bd3 d5 6. Bd2 c5 7. dxc5 Na6 8. cxd5
Nxc5 9. Bc2 exd5 10. a3 Bxc3 11. Bxc3 Nfe4 12. Qh5 g6 13. Qe5 f6 14. Qd4 Ne6
15. Qd1 Nxc3 16. bxc3 Qd6 17. Ne2 Bd7 18. Bb3 Bc6 19. O-O Rac8 20. Ra2 Rfe8 21.
e4 Rcd8 22. Rd2 Qxa3 23. exd5 Bb5 24. c4 Nc5 25. Ba2 Ba4 26. Qb1 Rd7 27. Nd4
Qc3 28. Nf3 Rde7 29. Rc1 Qa3 30. h3 Re4 31. Rf1 Kg7 32. Qa1 h6 33. Nd4 R4e7 34.
Rb1 Bd7 35. Rbd1 Re4 36. Rb2 Qa5 37. Rbb1 Ba4 38. Rf1 R8e7 39. Nf3 Qa6 40. Rbe1
Bc2 41. Rxe4 Rxe4 42. Nd4 Bd3 43. Rc1 Kh7 44. f3 Re3 45. Kf2 Re5 46. Qb2 h5 47.
Kg1 Qa4 48. f4 Re3 49. f5 gxf5 50. Bb1 Qe8 51. Qf2 Qe5 52. Nxf5 Re2 53. Qxc5
Bxf5 54. Bxf5+ Qxf5 55. Kh1 Qe4 56. Rg1 Kg6 57. Qxa7 Qxc4 58. Qxb7 Rd2 59. Qb1+
Qd3 60. Qxd3+ Rxd3 61. Re1 Rxd5 62. Re4 Rc5 63. Kh2 Rc3 64. Rb4 Re3 65. Rc4 Kh6
66. h4 Kg6 67. Rf4 Kf7 68. Ra4 Ke6 69. Ra5 Re5 70. Ra3 Re4 71. Kh3 Kf5 72. Rd3
Re2 73. Rf3+ Ke5 74. Kg3 Re4 75. Rf1 f5 76. Rf3 f4+ 77. Kf2 Kf5 78. g3 Kg4 79.
Rxf4+ Rxf4+ 80. gxf4 Kxf4 81. Kg2 Kg4 82. Kh2 Kf5 83. Kg3 Ke4 84. Kh3 Kd3 85.
Kg3 Ke3 86. Kh3 Kd4 87. Kg3 Ke3 88. Kh3 Ke4 89. Kg3 Kd4 90. Kf4 Kd5 91. Kg5 Ke6
92. Kg6 Ke7 93. Kg5 Ke6 94. Kg6 Ke7 95. Kg5 Ke6 96. Kh6 Ke7 97. Kg6 Ke6 98. Kg5
Ke7 99. Kf5 Kd6 100. Kg5 Ke6 101. Kh6 1/2-1/2

[Event "ICS Rated standard match"]
[Site "204.178.125.65"]
[Date "2000.06.20"]
[Round "?"]
[White "Hossa"]
[Black "MissSilicon"]
[Result "0-1"]
[WhiteElo "2304"]
[BlackElo "2393"]
[PlyCount "112"]
[EventDate "2000.??.??"]

1. d4 Nf6 2. c4 e5 3. dxe5 Ng4 4. Bf4 Nc6 5. Nf3 Bb4+ 6. Nc3 Qe7 7. Qd5 d6 8.
exd6 cxd6 9. a3 Bxc3+ 10. bxc3 Qf6 11. Qd2 Nge5 12. Nxe5 dxe5 13. Bg5 Qg6 14.
Rd1 Be6 15. Be3 Rd8 16. Qc1 Rxd1+ 17. Qxd1 O-O 18. c5 Rd8 19. Qc1 Bb3 20. Bd2
Na5 21. e4 Qxe4+ 22. Be2 Bc4 23. Be3 Bxe2 24. f3 Qd3 25. Kf2 Bd1 26. Re1 f6 27.
Kg1 Bc2 28. Qa1 Nc4 29. Bf2 Qd2 30. c6 bxc6 31. Bxa7 Ra8 32. Bf2 Rxa3 33. Qc1
Qxc3 34. Rf1 Rb3 35. Qa1 Qxa1 36. Rxa1 Rb1+ 37. Rxb1 Bxb1 38. Ba7 Kf7 39. Bc5
Nb2 40. Bd6 Na4 41. Kf2 c5 42. Kg3 c4 43. Kf2 c3 44. Ke2 Nb6 45. Kd1 c2+ 46.
Kc1 Nd5 47. Ba3 Nf4 48. Kd2 Nxg2 49. Bc1 Nh4 50. Ke2 Nf5 51. Kf2 Nd4 52. h3 Nb3
53. Bb2 c1=R 54. Bxc1 Nxc1 55. Ke3 Kg6 56. Kd2 Nb3+ {Hossa resigns} 0-1

[Event "ICS rated blitz match"]
[Site "204.178.125.65"]
[Date "2000.06.20"]
[Round "?"]
[White "Hossa"]
[Black "PostModernist"]
[Result "0-1"]
[WhiteElo "2377"]
[BlackElo "2626"]
[PlyCount "108"]
[EventDate "2000.??.??"]

1. e4 e5 2. Nf3 Nc6 3. Bc4 Bc5 4. c3 Nf6 5. d3 d6 6. Nbd2 O-O 7. Nb3 Bb6 8. O-O
a5 9. Bb5 Bd7 10. Ba4 Re8 11. Bg5 h6 12. Bh4 g5 13. Nxg5 hxg5 14. Bxg5 Re6 15.
Qf3 Ne7 16. Bxf6 Bxa4 17. d4 Bb5 18. Rfb1 a4 19. Nd2 exd4 20. cxd4 c6 21. Qf4
Qf8 22. Rd1 Ng6 23. Qf5 Qh6 24. d5 cxd5 25. exd5 Re2 26. Ne4 Ne5 27. Bxe5 dxe5
28. Nf6+ Kf8 29. Rf1 Bd4 30. Nh7+ Kg7 31. Ng5 Qg6 32. Qg4 Rxb2 33. h4 Bxf1 34.
Rxf1 Rh8 35. a3 b5 36. g3 Bc5 37. Qd7 Bxa3 38. Ne6+ Kh6 39. Ng5 Rf8 40. Kg2 Bc5
41. g4 a3 42. Nh3 a2 43. h5 Qe4+ 44. Kh2 Rb1 45. Qc6+ Kg7 46. h6+ Kg8 47. Qa6
Rxf1 48. h7+ Kg7 49. Qxa2 Qf3 50. Ng1 Rxf2+ 51. Qxf2 Qxf2+ 52. Kh3 Rh8 53. g5
Rxh7+ 54. Kg4 Rh4# {Hossa checkmated} 0-1

[Event "ICS rated blitz match"]
[Site "204.178.125.65"]
[Date "2000.06.20"]
[Round "?"]
[White "PostModernist"]
[Black "Hossa"]
[Result "1-0"]
[WhiteElo "2632"]
[BlackElo "2371"]
[PlyCount "255"]
[EventDate "2000.??.??"]

1. e4 e5 2. Bc4 Nf6 3. d3 c6 4. Nf3 d6 5. Nc3 Be7 6. Bg5 Nbd7 7. O-O b5 8. Bb3
O-O 9. a4 b4 10. Na2 a5 11. c3 bxc3 12. Nxc3 Ba6 13. Re1 Nc5 14. Bc4 Bxc4 15.
dxc4 Rb8 16. Bxf6 Bxf6 17. Ra2 Rb4 18. Qe2 Qb8 19. Rb1 Ne6 20. Qf1 Nd4 21. Ne1
Bg5 22. Nd3 Rb3 23. Rd1 Rd8 24. Ne2 Nc2 25. Ng3 Rf8 26. Qe2 Nd4 27. Qg4 Ne6 28.
Kh1 Rd8 29. h4 Bf6 30. Kg1 d5 31. exd5 cxd5 32. Nc1 Rb4 33. Nh5 Be7 34. b3 dxc4
35. bxc4 Rxd1+ 36. Qxd1 Rxc4 37. Nb3 Rb4 38. Nc1 Bxh4 39. Ra3 g6 40. Ng3 Rd4
41. Rd3 Bxg3 42. fxg3 Qb6 43. Kh2 Qb1 44. Rd2 Rxd2 45. Qxd2 Nd4 46. Nd3 f6 47.
Nc5 Qb6 48. Qc1 Kg7 49. g4 h6 50. Qc4 Qc7 51. Ne6+ Nxe6 52. Qxe6 Qb7 53. Qd6
Qa7 54. Qd5 g5 55. Qc6 Qe7 56. Qd5 Qc7 57. Kh3 Kf8 58. Qe6 Qd8 59. Qc6 Ke7 60.
Qc5+ Kf7 61. Qc4+ Kg7 62. Qb5 Qd2 63. Qb7+ Kg8 64. Qe4 Qc3+ 65. Kh2 Kg7 66.
Qb7+ Kf8 67. Qh7 Qc4 68. Qxh6+ Ke7 69. Qg7+ Qf7 70. Qh8 Qf8 71. Qh7+ Ke6 72.
Qf5+ Kf7 73. Qh7+ Qg7 74. Qd3 Qh8+ 75. Kg1 Qa8 76. Qd7+ Kg6 77. Kf2 Qb8 78.
Qf5+ Kg7 79. Qd7+ Kh6 80. Qf7 Qd6 81. Kg3 e4+ 82. Kh3 Qd8 83. g3 e3 84. Qe6 Qd4
85. Qg8 Qd7 86. Qh8+ Kg6 87. Qg8+ Qg7 88. Qe8+ Qf7 89. Qxe3 Qh7+ 90. Kg2 Qb7+
91. Qf3 Qxf3+ 92. Kxf3 Kf7 93. Ke3 Ke7 94. Kd3 Kd7 95. Ke3 Kc6 96. Ke4 Kc5 97.
Kf5 Kb4 98. Kxf6 Kxa4 99. Kxg5 Kb3 100. Kh6 a4 101. g5 a3 102. g6 a2 103. g7
a1=Q 104. g8=Q+ Kb4 105. Qf8+ Kc4 106. Qf7+ Kc5 107. g4 Qh8+ 108. Kg5 Qh2 109.
Qf5+ Kc6 110. Kf6 Qb2+ 111. Qe5 Qf2+ 112. Kg6 Qd2 113. g5 Kb6 114. Kf7 Kc6 115.
g6 Qd7+ 116. Kf8 Kb6 117. g7 Qd2 118. g8=Q Qd8+ 119. Kg7 Qd7+ 120. Kf6 Qc6+
121. Qge6 Ka7 122. Qd4+ Kb8 123. Qb4+ Ka7 124. Qa5+ Kb8 125. Ke5 Qc1 126. Qb4+
Ka7 127. Qa2+ Qa3 128. Qaxa3# {Hossa checkmated} 1-0

[Event "ICS Rated blitz match"]
[Site "204.178.125.65"]
[Date "2000.06.20"]
[Round "?"]
[White "Hossa"]
[Black "PostModernist"]
[Result "0-1"]
[WhiteElo "2365"]
[BlackElo "2638"]
[PlyCount "86"]
[EventDate "2000.??.??"]

1. e4 g6 2. d4 Bg7 3. Nf3 d6 4. Nc3 Nf6 5. Be2 O-O 6. O-O Nbd7 7. Bg5 c6 8. Qd2
b5 9. a3 Bb7 10. Bh6 a5 11. e5 Ne8 12. exd6 exd6 13. d5 cxd5 14. Bxg7 Nxg7 15.
Bxb5 Ne5 16. Nd4 Ne6 17. Rfe1 Qh4 18. Rad1 Qxd4 19. Qxd4 Nxd4 20. Rxd4 Rac8 21.
Ra4 Rc5 22. Rxa5 d4 23. Ne2 Rxc2 24. b4 d3 25. Nd4 Rc3 26. Rd1 Rfc8 27. f4 Rc1
28. Ba4 Ng4 29. h3 Rxd1+ 30. Bxd1 Ne3 31. Rb5 Bxg2 32. Bb3 d2 33. Kh2 Rc3 34.
Rb8+ Kg7 35. Re8 Rxb3 36. Nxb3 d1=Q 37. Rxe3 Bd5 38. b5 Qh1+ 39. Kg3 Qg1+ 40.
Kh4 Qxe3 41. Kg4 Be6+ 42. f5 Bxf5+ 43. Kh4 Qf4# {Hossa checkmated} 0-1

[Event "ICS Rated blitz match"]
[Site "204.178.125.65"]
[Date "2000.06.20"]
[Round "?"]
[White "Hossa"]
[Black "Beadle"]
[Result "0-1"]
[WhiteElo "2359"]
[BlackElo "2509"]
[PlyCount "62"]
[EventDate "2000.??.??"]

1. e4 c5 2. Nf3 d6 3. d4 cxd4 4. Nxd4 Nf6 5. Nc3 g6 6. Be2 Bg7 7. Be3 Nc6 8.
O-O O-O 9. Qd2 Qa5 10. Nb3 Qd8 11. Bh6 Bxh6 12. Qxh6 Qb6 13. Rad1 Be6 14. Rd3
Ne5 15. Rg3 a5 16. Rb1 a4 17. Nc1 Neg4 18. Bxg4 Nxg4 19. Qf4 Rfc8 20. Qd2 Ra5
21. Nd5 Bxd5 22. Rxg4 Rc4 23. Rg5 Rxe4 24. c4 Rd4 25. Nd3 Rxc4 26. b3 axb3 27.
Rxb3 Qa7 28. Rb2 Rd4 29. Rc2 Ra3 30. Rxd5 Rxd5 31. Qh6 Qa8 {Hossa resigns} 0-1

[Event "ICS rated standard match"]
[Site "204.178.125.65"]
[Date "2000.06.20"]
[Round "?"]
[White "QueenMaxima"]
[Black "Hossa"]
[Result "1-0"]
[WhiteElo "2351"]
[BlackElo "2292"]
[PlyCount "128"]
[EventDate "2000.??.??"]

1. e4 e5 2. Nf3 Nf6 3. Nc3 Nc6 4. d3 Bb4 5. Be2 d5 6. exd5 Nxd5 7. Bd2 Nxc3 8.
bxc3 Bc5 9. Bg5 Qd5 10. O-O O-O 11. Nd2 Bf5 12. Bf3 Qd7 13. c4 b6 14. Rb1 a5
15. Ne4 Be7 16. Bxe7 Nxe7 17. Re1 Bxe4 18. Bxe4 Rae8 19. c3 Rd8 20. Rb5 f6 21.
Re3 Nf5 22. Rh3 Nh6 23. Rh5 Kh8 24. Rd5 Qe6 25. Qf3 Qe7 26. Qe3 Qf7 27. Rxd8
Rxd8 28. Qf3 Qe7 29. h3 Qa3 30. Qe3 Qf8 31. Bf3 Qf7 32. g4 Ng8 33. Bd5 Qe8 34.
Be4 g6 35. Rh4 Qf7 36. g5 f5 37. Bd5 Qg7 38. d4 exd4 39. cxd4 Ne7 40. Be6 Nc6
41. d5 Nb4 42. a3 Nc2 43. Qc1 Qc3 44. Qf4 Qa1+ 45. Kg2 Qg7 46. Qd2 Na1 47. Qd3
Qb2 48. Qg3 Qg7 49. c5 b5 50. Qe3 b4 51. Qd3 Qc3 52. Qxc3+ bxc3 53. Rc4 c2 54.
d6 c6 55. Rc3 Kg7 56. a4 Kf8 57. Bc4 Rb8 58. Bd3 Rb3 59. Rxb3 c1=Q 60. Rb8+ Kg7
61. d7 Qxg5+ 62. Kf1 Nb3 63. d8=Q Qxd8 64. Rxd8 Nxc5 1-0

[Event "ICS rated standard match"]
[Site "204.178.125.65"]
[Date "2000.06.20"]
[Round "?"]
[White "Hossa"]
[Black "PostModernist"]
[Result "0-1"]
[WhiteElo "2279"]
[BlackElo "2410"]
[PlyCount "70"]
[EventDate "2000.??.??"]

1. e4 e5 2. Nf3 Nc6 3. Bc4 Nf6 4. O-O Bc5 5. c3 Nxe4 6. d4 exd4 7. cxd4 d5 8.
dxc5 dxc4 9. Qe2 Qd3 10. Re1 f5 11. Nc3 O-O 12. Nxe4 fxe4 13. Qxe4 Bf5 14. Qf4
Nb4 15. Ne5 Qd5 16. Qg3 Nd3 17. Bh6 Bg6 18. Nxg6 hxg6 19. Re7 Rf7 20. Rxf7 Qxf7
21. Be3 Nxb2 22. Rb1 Rd8 23. Qh4 Qf6 24. Qg3 Rd7 25. Re1 Nd3 26. Qg4 Qf7 27. c6
bxc6 28. Rb1 Rd8 29. Bxa7 c3 30. Qa4 Nb2 31. Qh4 Rd3 32. Rf1 c2 33. a4 Rd1 34.
Be3 Rxf1+ 35. Kxf1 Qd5 {Hossa resigns} 0-1

[Event "ICS rated blitz match"]
[Site "204.178.125.65"]
[Date "2000.06.20"]
[Round "?"]
[White "PostModernist"]
[Black "Hossa"]
[Result "1-0"]
[WhiteElo "2636"]
[BlackElo "2350"]
[PlyCount "43"]
[EventDate "2000.??.??"]

1. d4 Nf6 2. c4 e5 3. dxe5 Ng4 4. Nf3 Bc5 5. e3 Nc6 6. Be2 Ngxe5 7. Nc3 d6 8.
O-O O-O 9. b3 Nxf3+ 10. Bxf3 Ne5 11. Be2 Bf5 12. Na4 Bb4 13. a3 Ba5 14. Bb2 c6
15. Qd4 Bc2 16. f4 Bxb3 17. fxe5 c5 18. Qd5 Bxa4 19. exd6 Qb6 20. Rab1 Bc2 21.
Bh5 g6 22. Qe5 {Hossa resigns} 1-0

[Event "ICS rated bullet match"]
[Site "204.178.125.65"]
[Date "2000.06.20"]
[Round "?"]
[White "Hossa"]
[Black "JSBach"]
[Result "1-0"]
[WhiteElo "2319"]
[BlackElo "2122"]
[PlyCount "139"]
[EventDate "2000.??.??"]

1. d4 d5 2. Nf3 Bf5 3. c4 Nc6 4. cxd5 Qxd5 5. Nc3 Qa5 6. Bd2 e5 7. e4 exd4 8.
Nb5 Bb4 9. exf5 O-O-O 10. Bd3 a6 11. Na3 Ne5 12. Nxe5 Qxe5+ 13. Kf1 Bxa3 14.
bxa3 Nf6 15. Qb3 Ng4 16. h3 Nf6 17. Qxf7 Rd7 18. Qe6 Re8 19. Qxe5 Rxe5 20. Re1
Rxe1+ 21. Kxe1 Re7+ 22. Kd1 Ne4 23. Bxe4 Rxe4 24. Re1 Rxe1+ 25. Kxe1 c5 26. Bf4
Kd7 27. Be5 g6 28. f6 Ke6 29. Ke2 h5 30. a4 b6 31. Kd3 Kf7 32. Bc7 b5 33. axb5
axb5 34. Bb6 c4+ 35. Kxd4 Kxf6 36. Kc5 c3 37. Kxb5 c2 38. Be3 Ke6 39. Ka4 g5
40. Bxg5 c1=Q 41. Bxc1 Kf5 42. g4+ hxg4 43. hxg4+ Kxg4 44. Kb5 Kf3 45. Be3 Ke4
46. Kc6 Kd3 47. Kb7 Ke4 48. Ka8 Kf5 49. a3 Ke6 50. a4 Kf5 51. Bd2 Ke4 52. a5
Kd5 53. a6 Kd6 54. a7 Kc7 55. f3 Kc8 56. f4 Kc7 57. f5 Kd6 58. Bc3 Kd5 59. f6
Ke6 60. Bd4 Kf5 61. f7 Ke4 62. Bg1 Kd5 63. Bf2 Kd6 64. Bc5+ Kxc5 65. f8=Q+ Kd4
66. Qf3 Ke5 67. Kb8 Ke6 68. a8=Q Ke7 69. Qac6 Kd8 70. Qff6# {JSBach checkmated}
1-0

[Event "ICS rated blitz match"]
[Site "204.178.125.65"]
[Date "2000.06.20"]
[Round "?"]
[White "Hossa"]
[Black "Beadle"]
[Result "1/2-1/2"]
[WhiteElo "2345"]
[BlackElo "2522"]
[PlyCount "257"]
[EventDate "2000.??.??"]

1. d4 Nf6 2. c4 e6 3. Nc3 Bb4 4. e3 c5 5. Bd3 b6 6. Nge2 Bb7 7. O-O cxd4 8.
exd4 O-O 9. Bg5 h6 10. Bxf6 Qxf6 11. Qc2 Bxc3 12. bxc3 d6 13. Ng3 Nd7 14. Bh7+
Kh8 15. Be4 Bxe4 16. Nxe4 Qe7 17. Qa4 f5 18. Nd2 Nf6 19. Rfe1 Rac8 20. Qb3 e5
21. Re2 Nh5 22. Qc2 Qf6 23. Nf3 Nf4 24. Re3 Qg6 25. g3 Rxc4 26. dxe5 Nd5 27.
Ree1 Rxc3 28. Qd2 Rc5 29. exd6 Qxd6 30. Ne5 Kh7 31. Rad1 Qc7 32. a3 Rd8 33. Qd3
g6 34. Nxg6 Kxg6 35. Re6+ Kg7 36. Qxf5 Qf7 37. Qg4+ Kh7 38. Qe4+ Kg7 39. Rxd5
Rdxd5 40. Re7 Rf5 41. Rxf7+ Rxf7 42. Kg2 Rfc7 43. f4 Rc4 44. Qe5+ Kh7 45. Qe8
Rc2+ 46. Kh3 R2c6 47. Kh4 Rc2 48. h3 R2c4 49. Qb5 Rc2 50. Qf5+ Kg7 51. Qe5+ Kf7
52. g4 R7c6 53. Qf5+ Ke8 54. g5 hxg5+ 55. fxg5 R2c3 56. Qe4+ Kf8 57. Qd5 Ke7
58. a4 R6c4+ 59. Kh5 Rxh3+ 60. Kg6 Rhh4 61. Qf7+ Kd6 62. Qxa7 Rc6 63. Qa6 Kc7+
64. Kg7 Rg4 65. Qa7+ Kc8 66. Qa8+ Kc7 67. Kh8 Rxg5 68. Qa7+ Kd6 69. Qb8+ Kc5
70. Qf8+ Rd6 71. Qe7 Rgd5 72. Kg7 Kb4 73. Qe4+ Kb3 74. Kf7 Rd4 75. Qa8 Ka3 76.
Qc8 Kxa4 77. Qc2+ Kb5 78. Qf5+ R4d5 79. Qc2 Rd2 80. Qb3+ Ka6 81. Qa4+ Kb7 82.
Qe4+ R2d5 83. Ke7 b5 84. Qg2 Kb6 85. Qg1+ Rd4 86. Qe3 b4 87. Qe2 Rd3 88. Qe1
R6d4 89. Ke6 b3 90. Qf2 Rd2 91. Qg3 Re2+ 92. Kf7 b2 93. Qb3+ Kc5 94. Qc3+ Rc4
95. Qa5+ Kd4 96. Qf5 Rc7+ 97. Kf8 Rc5 98. Qf6+ Rce5 99. Qd6+ Ke4 100. Qd1 Rf2+
101. Kg7 Rg5+ 102. Kh6 Rgg2 103. Qa4+ Ke5 104. Qe8+ Kd6 105. Qe4 Rc2 106. Qf4+
Kc6 107. Qf3+ Kc7 108. Qf4+ Kb7 109. Qb4+ Kc6 110. Qe4+ Kb6 111. Qe3+ Ka5 112.
Qa3+ Kb5 113. Qb3+ Kc5 114. Qa3+ Kc4 115. Qa6+ Kd5 116. Qd3+ Ke5 117. Qe3+ Kf5
118. Qf3+ Ke6 119. Qe4+ Kd7 120. Qf5+ Ke7 121. Qe5+ Kf8 122. Qf5+ Ke7 123. Qe5+
Kf8 124. Qf5+ Kg8 125. Qd5+ Kf8 126. Qf5+ Ke8 127. Qe5+ Kf7 128. Qf4+ Ke7 129.
Qe5+ 1/2-1/2